{"text_format":"3","workbook":"xls","n_sheets":1,"sheets":["Sheet1"],"not_rendered":{"external_links":1,"defined_names":1},"read":"whole","date_system":"1900","formulas":"cached_only"}

{"sheet":"Sheet1","index":0,"n_rows":60,"n_cols":8,"rows_kept":60,"merged":[[0,0,0,7]],"flags":["formulas_cached_only"]}
["东莞市水务环境投资控股集团供水有限公司制水分公司宣传物资及印刷品、厂区标识\n采购项目采购清单及预算表"]
["序号","物品名称","规格/型号","单位","数量","估算单价（元）","估算总金额（元）","备注"]
[1,"化验室贴纸","规格:每条约50mm*75mm，100张/包","包",43,{"v":20,"d":"20.00"},{"v":860,"d":"860.00"},"货物的具体要求及送货地址请参考清单，货物需在90天内完成供货。"]
[2,"“停用”警示标志","材质：磁性贴；规格：200mm*100mm","块",169,{"v":10,"d":"10.00"},{"v":1690,"d":"1,690.00"},"货物的具体要求及送货地址请参考清单，货物需在90天内完成供货。"]
[3,"“有限空间”警示标志海报贴纸","尺寸：600mm*800mm，材质：防水防晒，撕开底膜即可贴","张",71,{"v":200,"d":"200.00"},{"v":14200,"d":"14,200.00"},"货物的具体要求及送货地址请参考清单，货物需在90天内完成供货。"]
[4,"厂平面图贴纸","材质：户外型防雨抗晒材质、哑光效果，撕开底膜即可贴；规格：500mm*500mm","卷",2,{"v":70,"d":"70.00"},{"v":140,"d":"140.00"},"货物的具体要求及送货地址请参考清单，货物需在90天内完成供货。"]
[5,"厂平面图贴纸","材质：户外型防雨抗晒材质、哑光效果，撕开底膜即可贴；规格：450mm*650mm","把",2,{"v":70,"d":"70.00"},{"v":140,"d":"140.00"},"货物的具体要求及送货地址请参考清单，货物需在90天内完成供货。"]
[6,"三角闪电标志贴纸","防水防晒，撕开底膜即贴等边80mm*80mm*80mm；","张",1900,{"v":2,"d":"2.00"},{"v":3800,"d":"3,800.00"},"货物的具体要求及送货地址请参考清单，货物需在90天内完成供货。"]
[7,"贴纸","材质：防水防晒，撕开底膜即可贴；规格：高300mm*宽200mm","张",50,{"v":6,"d":"6.00"},{"v":300,"d":"300.00"},"货物的具体要求及送货地址请参考清单，货物需在90天内完成供货。"]
[8,"厂平面图海报贴纸","材质：户外贴，防水防晒，撕开底膜即可贴；规格：800mm*750mm。","张",1,{"v":150,"d":"150.00"},{"v":150,"d":"150.00"},"货物的具体要求及送货地址请参考清单，货物需在90天内完成供货。"]
[9,"原材料取样贴纸","100mm*50mm,白底红框，\n样式:此标签撕毁无效","张",4910,{"v":0.2,"d":"0.20"},{"v":982,"d":"982.00"},"货物的具体要求及送货地址请参考清单，货物需在90天内完成供货。"]
[10,"试剂标签贴纸","试剂标签贴纸，规格：每条约460mm*85mm，一条内有10小张。 1000张/扎","扎",7,{"v":250,"d":"250.00"},{"v":1750,"d":"1,750.00"},"货物的具体要求及送货地址请参考清单，货物需在90天内完成供货。"]
[11,"PP合成纸标签纸空白不干胶防水放油防撕破热转印条码纸","规格：50mm*30mm,2500张/卷双排","卷",6,{"v":50,"d":"50.00"},{"v":300,"d":"300.00"},"货物的具体要求及送货地址请参考清单，货物需在90天内完成供货。"]
[12,"小心碰头警示贴","防水防晒，撕开底膜即贴，280mm*100mm","张",243,{"v":10,"d":"10.00"},{"v":2430,"d":"2,430.00"},"货物的具体要求及送货地址请参考清单，货物需在90天内完成供货。"]
[13,"“有限空间”警示标志贴纸","防水防晒，撕开底膜即可贴；规格：300mm*400mm*0.3mm","张",218,{"v":10,"d":"10.00"},{"v":2180,"d":"2,180.00"},"货物的具体要求及送货地址请参考清单，货物需在90天内完成供货。"]
[14,"《东莞环境有你的保护才美好》广告牌","材质:灯布画外折边刷胶，打扣（密一点），尺寸:6.0m*2.0m ","块",1,{"v":1300,"d":"1,300.00"},{"v":1300,"d":"1,300.00"},"货物的具体要求及送货地址请参考清单，货物需在90天内完成供货。"]
[15,"《市饮用水水源一级保护区》绿色宣传栏贴纸","材质要求：3M反光贴，底色绿色，字体白色，包安装，尺寸约：280cm*175cm。","块",1,{"v":1300,"d":"1,300.00"},{"v":1300,"d":"1,300.00"},"货物的具体要求及送货地址请参考清单，货物需在90天内完成供货。"]
[16,"A4不干胶打印标签纸","规格：亮面，白色，无框，直角；尺寸：105*49.5mm，12枚/张（100张/1包）","包",3,{"v":50,"d":"50.00"},{"v":150,"d":"150.00"},"货物的具体要求及送货地址请参考清单，货物需在90天内完成供货。"]
[17,"海报贴纸","尺寸：1120mm*720mm，材质：pvc，防水防晒，撕开底膜即可贴","张",3,{"v":80,"d":"80.00"},{"v":240,"d":"240.00"},"货物的具体要求及送货地址请参考清单，货物需在90天内完成供货。"]
[18,"海报贴纸","尺寸：460mm*250mm，材质：pvc，防水防晒，撕开底膜即可贴","张",1,{"v":40,"d":"40.00"},{"v":40,"d":"40.00"},"货物的具体要求及送货地址请参考清单，货物需在90天内完成供货。"]
[19,"海报贴纸","尺寸：800mm*500mm，材质：pvc，防水防晒，撕开底膜即可贴","张",1,{"v":70,"d":"70.00"},{"v":70,"d":"70.00"},"货物的具体要求及送货地址请参考清单，货物需在90天内完成供货。"]
[20,"贴纸","尺寸：110mm*115mm，材质：pvc，防水防晒，撕开底膜即可贴","张",10,{"v":3,"d":"3.00"},{"v":30,"d":"30.00"},"货物的具体要求及送货地址请参考清单，货物需在90天内完成供货。"]
[21,"贴纸","尺寸：300mm*400mm，材质：pvc，防水防晒，撕开底膜即可贴","张",8,{"v":15,"d":"15.00"},{"v":120,"d":"120.00"},"货物的具体要求及送货地址请参考清单，货物需在90天内完成供货。"]
[22,"贴纸","防水防晒，撕开底膜即贴等边150mm*100mm","张",50,{"v":2,"d":"2.00"},{"v":100,"d":"100.00"},"货物的具体要求及送货地址请参考清单，货物需在90天内完成供货。"]
[23,"贴纸","防水防晒，撕开底膜即贴，160mm*60mm","块",20,{"v":5,"d":"5.00"},{"v":100,"d":"100.00"},"货物的具体要求及送货地址请参考清单，货物需在90天内完成供货。"]
[24,"三角闪电标志贴纸","防水防晒，撕开底膜即贴等边50mm*50mm*50mm；","张",50,{"v":2,"d":"2.00"},{"v":100,"d":"100.00"},"货物的具体要求及送货地址请参考清单，货物需在90天内完成供货。"]
[25,"三角闪电标志贴纸","防水防晒，撕开底膜即贴等边30mm*30mm*30mm；","张",100,{"v":2,"d":"2.00"},{"v":200,"d":"200.00"},"货物的具体要求及送货地址请参考清单，货物需在90天内完成供货。"]
[26,"夜光地贴","材质：磨砂PVC板，印夜光油墨，自带背胶，规格：长280mm*宽140mm，厚度: 0.5mm/张。","张",154,{"v":10,"d":"10.00"},{"v":1540,"d":"1,540.00"},"货物的具体要求及送货地址请参考清单，货物需在90天内完成供货。"]
[27,"亚力克材质标识牌","材质：亚克力，高320mm*宽200mm\n厚度：3mm，制作工艺UV","块",50,{"v":30,"d":"30.00"},{"v":1500,"d":"1,500.00"},"货物的具体要求及送货地址请参考清单，货物需在90天内完成供货。"]
[28,"亚力克材质标识牌","材质：亚克力，高200mm*宽320mm\n厚度：3mm，制作工艺UV","块",106,{"v":30,"d":"30.00"},{"v":3180,"d":"3,180.00"},"货物的具体要求及送货地址请参考清单，货物需在90天内完成供货。"]
[29,"亚力克材质标识牌","材质：高密度亚克力，高150mm*宽200mm\n厚度：3mm，制作工艺UV","块",4,{"v":30,"d":"30.00"},{"v":120,"d":"120.00"},"货物的具体要求及送货地址请参考清单，货物需在90天内完成供货。"]
[30,"亚力克材质标识牌","材质：亚克力板，尺寸：长400mm*宽200mm\n厚度：3mm，制作工艺UV","个",3,{"v":100,"d":"100.00"},{"v":300,"d":"300.00"},"货物的具体要求及送货地址请参考清单，货物需在90天内完成供货。"]
[31,"亚力克材质标识牌","材质：亚克力，高400mm*宽320mm\n厚度：3mm，制作工艺UV","块",507,{"v":150,"d":"150.00"},{"v":76050,"d":"76,050.00"},"货物的具体要求及送货地址请参考清单，货物需在90天内完成供货。"]
[32,"亚力克材质标识牌","材质：亚克力板，尺寸：600mm*400mm\n厚度：3mm，制作工艺UV","块",12,{"v":100,"d":"100.00"},{"v":1200,"d":"1,200.00"},"货物的具体要求及送货地址请参考清单，货物需在90天内完成供货。"]
[33,"亚力克材质标识牌","材质：高度透明亚克力，尺寸：长800mm*宽600mm，四角打孔，厚度：3mm，制作工艺UV","块",2,{"v":300,"d":"300.00"},{"v":600,"d":"600.00"},"货物的具体要求及送货地址请参考清单，货物需在90天内完成供货。"]
[34,"亚力克材质标识牌","材质：高度透明亚克力，尺寸：长1180mm*宽300mm，四角打孔，厚度：3mm，制作工艺UV","块",4,{"v":150,"d":"150.00"},{"v":600,"d":"600.00"},"货物的具体要求及送货地址请参考清单，货物需在90天内完成供货。"]
[35,"亚力克材质标识牌","材质：高度透明亚克力，尺寸：高700mm*宽350mm，四角打孔，厚度：3mm，制作工艺UV","块",12,{"v":80,"d":"80.00"},{"v":960,"d":"960.00"},"货物的具体要求及送货地址请参考清单，货物需在90天内完成供货。"]
[36,"亚力克材质标识牌","材质：高度透明亚克力，尺寸：长1220mm*宽400mm，四角打孔，厚度：3mm，制作工艺UV","块",1,{"v":200,"d":"200.00"},{"v":200,"d":"200.00"},"货物的具体要求及送货地址请参考清单，货物需在90天内完成供货。"]
[37,"亚力克材质标识牌","材质：亚克力板，尺寸：650mm*300mm*6mm，制作工艺UV，双面印刷","块",10,{"v":100,"d":"100.00"},{"v":1000,"d":"1,000.00"},"货物的具体要求及送货地址请参考清单，货物需在90天内完成供货。"]
[38,"亚力克材质标识牌","材质：亚克力板，尺寸：1220mm*450mm*6mm，制作工艺UV，双面印刷","块",9,{"v":300,"d":"300.00"},{"v":2700,"d":"2,700.00"},"货物的具体要求及送货地址请参考清单，货物需在90天内完成供货。"]
[39,"亚力克材质标识牌","材质：亚克力板，尺寸：1120mm*450mm*6mm，制作工艺UV，双面印刷","块",4,{"v":300,"d":"300.00"},{"v":1200,"d":"1,200.00"},"货物的具体要求及送货地址请参考清单，货物需在90天内完成供货。"]
[40,"亚力克材质标识牌","材质：亚克力板，尺寸：1150mm*450mm*6mm，制作工艺UV，双面印刷","块",4,{"v":300,"d":"300.00"},{"v":1200,"d":"1,200.00"},"货物的具体要求及送货地址请参考清单，货物需在90天内完成供货。"]
[41,"亚力克材质标识牌","材质：亚克力板，尺寸：1190mm*450mm*6mm，制作工艺UV，双面印刷，内容：过滤池平面图","块",1,{"v":300,"d":"300.00"},{"v":300,"d":"300.00"},"货物的具体要求及送货地址请参考清单，货物需在90天内完成供货。"]
[42,"亚力克材质标识牌","材质：亚克力板，尺寸：300mm*200mm*6mm，制作工艺UV，双面印刷，内容：清水池","块",4,{"v":60,"d":"60.00"},{"v":240,"d":"240.00"},"货物的具体要求及送货地址请参考清单，货物需在90天内完成供货。"]
[43,"亚力克材质标识牌","材质：亚克力板，尺寸：750mm*350mm*3mm，制作工艺UV，单面印刷，内容：清水池","块",1,{"v":100,"d":"100.00"},{"v":100,"d":"100.00"},"货物的具体要求及送货地址请参考清单，货物需在90天内完成供货。"]
[44,"铝板材质安全警示牌","材质：室外铝板反光膜，尺寸：400*320mm，喷涂工艺","块",15,{"v":50,"d":"50.00"},{"v":750,"d":"750.00"},"货物的具体要求及送货地址请参考清单，货物需在90天内完成供货。"]
[45,"铝板材质安全警示牌","材质：室外铝板反光膜，圆形，圆形直径：2100mm，喷涂工艺。","块",11,{"v":30,"d":"30.00"},{"v":330,"d":"330.00"},"货物的具体要求及送货地址请参考清单，货物需在90天内完成供货。"]
[46,"警示标志","材质：亚克力，高150mm*宽200mm\n厚度：3mm，四角开4mm孔,制作工艺UV","块",88,{"v":30,"d":"30.00"},{"v":2640,"d":"2,640.00"},"货物的具体要求及送货地址请参考清单，货物需在90天内完成供货。"]
[47,"不锈钢材质警示牌","尺寸:250mm*400mm","块",20,{"v":30,"d":"30.00"},{"v":600,"d":"600.00"},"货物的具体要求及送货地址请参考清单，货物需在90天内完成供货。"]
[48,"磁性背胶","材质：磁性背胶底材，尺寸：0.7mm192×102cm","张",2,{"v":380,"d":"380.00"},{"v":760,"d":"760.00"},"货物的具体要求及送货地址请参考清单，货物需在90天内完成供货。"]
[49,"不锈钢材质标识牌（立柱）","材质：304不锈钢，尺寸：40CM*30CM，带100CM立柱，画面UV喷印，标有“室外地上消防栓”","个",2,{"v":80,"d":"80.00"},{"v":160,"d":"160.00"},"货物的具体要求及送货地址请参考清单，货物需在90天内完成供货。"]
[50,"不锈钢材质标识牌","材质：304不锈钢，尺寸：40CM*30CM，画面UV喷印，标有“室外地上消防栓”","个",1,{"v":70,"d":"70.00"},{"v":70,"d":"70.00"},"货物的具体要求及送货地址请参考清单，货物需在90天内完成供货。"]
[51,"不锈钢警示标志架子","不锈钢面板及立柱，尺寸：600mm*860mm","块",3,{"v":850,"d":"850.00"},{"v":2550,"d":"2,550.00"},"货物的具体要求及送货地址请参考清单，货物需在90天内完成供货。"]
[52,"PVC材质告示牌","规格600mm*800mm，户外写真裱5mmPVC板","张",8,{"v":150,"d":"150.00"},{"v":1200,"d":"1,200.00"},"货物的具体要求及送货地址请参考清单，货物需在90天内完成供货。"]
[53,"PVC材质告示牌","规格600mm*400mm，户外写真裱5mmPVC板","张",6,{"v":150,"d":"150.00"},{"v":900,"d":"900.00"},"货物的具体要求及送货地址请参考清单，货物需在90天内完成供货。"]
[54,"水厂工艺流程图KT板材质标识图","材质：KT板，尺寸：长*宽2100mm*1000mm","块",1,{"v":350,"d":"350.00"},{"v":350,"d":"350.00"},"货物的具体要求及送货地址请参考清单，货物需在90天内完成供货。"]
[55,"KT板材质标识图及展架","标识图材质：KT板，加厚确保坚固支撑，尺寸：长*宽225cm×105cm；展架：配万向轮，包送货及安装","套",3,{"v":1800,"d":"1,800.00"},{"v":5400,"d":"5,400.00"},"货物的具体要求及送货地址请参考清单，货物需在90天内完成供货。"]
[56,"宣传展板海报及支架","尺寸：2000mm*1000mm、高清画面裱涂塑板哑光效果、制作安装，支架：铝合金套架","套",1,{"v":800,"d":"800.00"},{"v":800,"d":"800.00"},"货物的具体要求及送货地址请参考清单，货物需在90天内完成供货。"]
[57,"亚力克材质标识牌","材质:亚克力板，尺寸:297*420mm（适用A3尺寸）","个",31,{"v":40,"d":"40.00"},{"v":1240,"d":"1,240.00"},"货物的具体要求及送货地址请参考清单，货物需在90天内完成供货。"]
[null,"合计：",{"$nulls":4},{"v":143412,"d":"¥143,412.00"}]